[Event "Torch Real Estate Cup"]
[Site "Wuxi CHN"]
[Date "2005.05.09"]
[Round "8"]
[White "Xu Yang"]
[Black "Xiu Deshun"]
[Result "0-1"]
[WhiteElo "2366"]
[BlackElo "2343"]

1.e4 c5 2.Nf3 d6 3.d4 cxd4 4.Nxd4 Nf6 5.Nc3 a6 6.g3 e5 7.Nde2 Nbd7 8.Bg2 b5
9.O-O Bb7 10.a4 b4 11.Nd5 Nxd5 12.exd5 a5 13.c3 bxc3 14.Nxc3 Be7 15.Nb5 O-O
16.Bd2 Ba6 17.Qe1 Nc5 18.Bxa5 Qd7 19.Qb4 Nxa4 20.Nc7 Bxf1 21.Nxa8 Bxg2 22.Kxg2 Nc5
23.Nb6 Qf5 24.Rf1 e4 25.Qe1 Bd8 26.Qe3 Bxb6 27.Bxb6 Qxd5 28.Bxc5 dxc5 29.Rc1 Rc8
30.Ra1 h6 31.Ra7 Rb8 32.Rc7 Rb5 33.h4 Kh7 34.h5 f5 35.Kh2 Qe5 36.Rc8 Qe7
37.Qe2 Qd7 38.Rc7 Rxb2 39.Rxd7 Rxe2 40.Kg1 e3 41.fxe3 c4 42.Rc7 Rc2 43.Rc5 c3
44.Kf1 Kg8 45.Rxf5 Rh2 46.Rc5 c2 47.Ke1 Kf7 48.Rc4 Ke6 49.Rc7 Ke5 50.Re7+ Kd6  0-1

[Event "48th TCh-SCG"]
[Site "Herceg Novi SCG"]
[Date "2005.05.20"]
[Round "6"]
[White "Savicevic,V"]
[Black "Perunovic,Mil"]
[Result "0-1"]
[WhiteElo "2346"]
[BlackElo "2549"]

1.e4 c5 2.Nf3 d6 3.Nc3 Nf6 4.d4 cxd4 5.Nxd4 a6 6.g3 e6 7.Bg2 Be7 8.O-O Qc7
9.f4 O-O 10.a4 Nc6 11.Nb3 b6 12.Be3 Bb7 13.g4 Rfe8 14.g5 Nd7 15.Rf3 Bf8 16.Rh3 g6
17.Qe1 Nb4 18.Qh4 h5 19.Bf3 Nxc2 20.Bxh5 gxh5 21.Qxh5 Bg7 22.Qh7+ Kf8 23.Rc1 Nxe3
24.Nd5 Qxc1+ 25.Nxc1 Nxd5 26.exd5 Bxd5 27.Ne2 Rac8 28.Nc3 Bb7 29.Rg3 Rc4
30.Ne2 Be4 31.Qh5 Rec8 32.Re3 d5  0-1

[Event "Chigorin CC"]
[Site "St Petersburg RUS"]
[Date "2005.05.24"]
[Round "8"]
[White "Toporov,V"]
[Black "Gubochkin,V"]
[Result "1/2-1/2"]
[WhiteElo "2107"]
[BlackElo "2076"]

1.e4 c5 2.Nf3 d6 3.d4 cxd4 4.Nxd4 Nf6 5.Nc3 a6 6.g3 e5 7.Nde2 Be6 8.Bg2 Qd7
9.h3 h6 10.Be3 b5 11.Qd2 Qb7 12.O-O Nbd7 13.f4 Nb6 14.b3 Be7 15.f5 Bd7 16.Rad1 Bc6
17.Nd5 Bxd5 18.exd5 Rc8 19.g4 Nbd7 20.Ng3 Qc7 21.c4 bxc4 22.bxc4 Rb8 23.Rc1 Nc5
24.Rfd1 Nfd7 25.Nh5 Kf8 26.Rf1 Bh4 27.Kh2 Kg8 28.Bf3 Na4 29.Rc2 Nf6 30.Nxf6+ Bxf6
31.Be4 Nc5 32.Qg2 Kf8 33.Kg3 Qa5 34.h4 Qa3 35.Qf3 Nxe4+ 36.Qxe4 Bd8 37.Rf3 Qb4
38.Ba7 Rc8 39.Rb3 Qa4 40.Be3 Kg8 41.Bf2 f6 42.h5 Kh7 43.Kf3 Be7 44.Rb7 Rhe8
45.g5 hxg5 46.h6 Rb8 47.Rxb8 Rxb8 48.hxg7 Kxg7 49.Be3 Rh8 50.Bf2 Qa3+ 51.Ke2 Rh2
52.c5 Qg3 53.Ke1 Qh3 54.c6 Rh1+ 55.Kd2 Rf1 56.Qe2 Qg2 57.Bd4 Qxd5 58.Qxf1 Qxd4+
59.Qd3 Qf4+ 60.Qe3 Qb4+ 61.Ke2 Qa4 62.Qb3 Qe4+ 63.Kd2 d5 64.c7 Bb4+ 65.Kc1 Qd4
66.c8=Q Qa1+ 67.Qb1 Ba3+ 68.Kd2 Qd4+ 69.Ke2 Qg4+ 70.Kf2 Qd4+ 71.Kg2 Qe4+
72.Kg1 Qe3+ 73.Kh1 Qe4+ 74.Kg1 Qe3+ 75.Kf1 Qd3+ 76.Kf2 Qd4+ 77.Kg2 Qe4+ 78.Kg1 Qe3+  1/2-1/2

[Event "FSIM June"]
[Site "Budapest HUN"]
[Date "2005.06.06"]
[Round "3"]
[White "Torma,R"]
[Black "Katsuhara,O"]
[Result "1-0"]
[WhiteElo "2227"]
[BlackElo "2106"]

1.e4 c5 2.Nf3 d6 3.d4 cxd4 4.Nxd4 Nf6 5.Nc3 a6 6.g3 e6 7.Bg2 Qc7 8.O-O Be7
9.Be3 O-O 10.f4 Nc6 11.a4 Bd7 12.Nb3 b6 13.g4 Bc8 14.g5 Nd7 15.Qh5 Re8 16.f5 g6
17.Qe2 Nde5 18.f6 Bf8 19.h3 Rb8 20.Nd4 Bb7 21.Nxc6 Qxc6 22.Bd4 Qc7 23.Qf2 Bc6
24.Qg3 Ra8 25.Nd1 b5 26.axb5 axb5 27.Ne3 Rxa1 28.Rxa1 Ra8 29.Rxa8 Bxa8 30.Qe1 h6
31.h4 hxg5 32.hxg5 Bb7 33.Qc3 Qb8 34.Bxe5 dxe5 35.Ng4 Bd6 36.Qh3 Qc7 37.Kh2 Qxc2
38.Nh6+ Kf8 39.Nf5 Kg8 40.Qh6 Qxg2+ 41.Kxg2 Bxe4+ 42.Kh2  1-0

[Event "FSGM June"]
[Site "Budapest HUN"]
[Date "2005.06.08"]
[Round "5"]
[White "Stupavski,Z"]
[Black "Karavade,E"]
[Result "1/2-1/2"]
[WhiteElo "2333"]
[BlackElo "2355"]

1.e4 c5 2.Nf3 d6 3.d4 cxd4 4.Nxd4 Nf6 5.Nc3 a6 6.g3 e5 7.Nde2 b5 8.Bg5 Nbd7
9.Nd5 Be7 10.Bxf6 Nxf6 11.Nec3 O-O 12.a4 Rb8 13.Nxf6+ Bxf6 14.axb5 axb5 15.Bxb5 Bh3
16.Bf1 Qd7 17.Bxh3 Qxh3 18.b3 d5 19.Nxd5 Qg2 20.Nxf6+ gxf6 21.Qg4+ Kh8 22.O-O-O Qxf2
23.Rd2 Qe3 24.Rf1 Rfd8 25.Qe2 Qc3 26.Rd3 Qa1+ 27.Kd2 Qa5+ 28.Ke3 Rxd3+ 29.cxd3 Qc5+
30.Kf3 Rxb3 31.Kg4 Qc8+ 32.Kh4 Qd8 33.Rf3 Kg7 34.Qe3 Rb2 35.h3 f5+  1/2-1/2

[Event "TCh-IRI"]
[Site "Tehran IRI"]
[Date "2005.06.10"]
[Round "5"]
[White "Mamedov,Nid"]
[Black "Ryahi,N"]
[Result "1-0"]
[WhiteElo "2463"]
[BlackElo "2269"]

1.e4 c5 2.Nf3 d6 3.Nc3 Nf6 4.d4 cxd4 5.Nxd4 a6 6.g3 e5 7.Nde2 Nbd7 8.a4 b6
9.Bg2 Bb7 10.O-O Be7 11.Bg5 h6 12.Bxf6 Nxf6 13.Nc1 Rc8 14.N1a2 Rc4 15.Qe2 Qc7
16.Rfd1 O-O 17.Rd2 Rc8 18.Rad1 Qc5 19.Nc1 Rxc3 20.bxc3 Qxc3 21.Rd3 Qxc2 22.Qxc2 Rxc2
23.Rb3 Bd8 24.Nd3 Bc7 25.Nb4 Rc5 26.f3 Kf8 27.Bf1 Ra5 28.Rc1 Ne8 29.Rbc3 Bd8
30.Nc6 Bxc6 31.Rxc6 Rxa4 32.Rc8 Ke7 33.Rb8 Bc7 34.Rxe8+ Kxe8 35.Rxc7 b5 36.Ra7 Kf8
37.Kf2 g5 38.Ke3 Ra3+ 39.Kf2 Ra2+ 40.Kg1 Ra1 41.Kg2 Ra2+ 42.Kg1 Ra1 43.Kf2 Ra2+
44.Ke3 Ra3+ 45.Bd3 a5 46.Rd7 b4 47.Rxd6 Kg7 48.Rb6 b3 49.Bc4 a4 50.Rb7 Ra2
51.Rxf7+ Kh8 52.Ra7 Ra1 53.Rb7 Rc1 54.Bd5 Rc3+ 55.Ke2 Rc2+ 56.Kd3 Rxh2 57.Kc3 Rf2
58.Kb4 Rxf3 59.Kxa4 Rxg3 60.Be6 h5 61.Bf5 h4 62.Rxb3 Rg1 63.Rb6 Kg7 64.Kb5 Rg3
65.Rg6+ Kf7 66.Rh6 Kg7 67.Rh7+ Kf6 68.Kc5 g4 69.Rxh4 Kg5 70.Rxg4+ Rxg4 71.Bxg4 Kxg4
72.Kd6  1-0

[Event "PanAmY U16B"]
[Site "Balneario Camboriu BRA"]
[Date "2005.06.12"]
[Round "2"]
[White "Lopez Velez,M"]
[Black "Valdes Escobar,A"]
[Result "1-0"]
[WhiteElo "2326"]
[BlackElo "2126"]

1.e4 c5 2.Nf3 d6 3.d4 cxd4 4.Nxd4 Nf6 5.Nc3 a6 6.g3 e5 7.Nb3 Be7 8.Bg2 Be6
9.O-O b5 10.a4 b4 11.Nd5 Bxd5 12.exd5 Nbd7 13.f4 Rc8 14.Be3 O-O 15.Qe2 Qc7
16.Rac1 exf4 17.Rxf4 Nb6 18.Rd4 Rfd8 19.c3 Nxa4 20.Rxb4 Nc5 21.Nd4 Re8 22.Rc4 Nfd7
23.b4 Bg5 24.Ne6 Bxe3+ 25.Qxe3 fxe6 26.bxc5 Ne5 27.Ra4 Qxc5 28.Qxc5 Rxc5
29.Rxa6 Nc4 30.dxe6 Rxe6 31.Rd1 Ne3 32.Re1 Rce5 33.Rxe3 Rxe3 34.Bd5 Kf7 35.Rxd6 Re1+
36.Kf2  1-0

[Event "FSGM June"]
[Site "Budapest HUN"]
[Date "2005.06.12"]
[Round "9"]
[White "Stupavski,Z"]
[Black "Hoffmann,Mi1"]
[Result "1/2-1/2"]
[WhiteElo "2333"]
[BlackElo "2476"]

1.e4 c5 2.Nf3 d6 3.d4 Nf6 4.Nc3 cxd4 5.Nxd4 a6 6.g3 e5 7.Nde2 Nbd7 8.a4 b6
9.Bg2 Bb7 10.h3 h5 11.Bg5 Be7 12.O-O Rc8 13.b3 O-O 14.Qd2 b5 15.axb5 axb5
16.h4 b4 17.Nd5 Nxd5 18.exd5 Bxg5 19.hxg5 Rc5 20.c4  1/2-1/2

[Event "III Summer"]
[Site "Alushta UKR"]
[Date "2005.06.22"]
[Round "6"]
[White "Kuzmin,Ge"]
[Black "Tukhaev,A"]
[Result "0-1"]
[WhiteElo "2510"]
[BlackElo "2419"]

1.e4 c5 2.Nf3 d6 3.d4 cxd4 4.Nxd4 Nf6 5.Nc3 a6 6.g3 e5 7.Nb3 Be7 8.Bg2 O-O
9.O-O b5 10.Bd2 Bb7 11.a4 b4 12.Nd5 Nxd5 13.exd5 a5 14.c3 Na6 15.cxb4 Nxb4
16.Re1 Bxd5 17.Bxb4 Bxg2 18.Kxg2 axb4 19.Qd5 Ra6 20.a5 Qa8 21.Red1 Qxd5+
22.Rxd5 Rb8 23.Rc1 f6 24.f4 Kf7 25.fxe5 Ke6 26.Rb5 Rxb5 27.Nd4+ Kxe5 28.Nxb5 Bd8
29.Nc7 Rxa5 30.Re1+ Kf5 31.Ne6 Bb6 32.Nxg7+ Kg6 33.Ne6 Kf7 34.Nf4 Rc5 35.b3 Rc2+
36.Kh3 Rd2 37.Kg4 Rxh2 38.Re4 Bc5 39.Re1 Rb2 40.Nd5 Rxb3 41.Re7+ Kg6 42.Nf4+ Kh6
43.Rf7 Bd4  0-1

[Event "zt 4.1"]
[Site "Taza MAR"]
[Date "2005.06.24"]
[Round "5"]
[White "Chahrani,I"]
[Black "Idrissi,C"]
[Result "0-1"]
[WhiteElo "2329"]
[BlackElo "2215"]

1.e4 c5 2.Nf3 d6 3.d4 cxd4 4.Nxd4 Nf6 5.Nc3 a6 6.g3 e5 7.Nde2 b5 8.Bg2 Bb7
9.h3 Nbd7 10.g4 b4 11.Nd5 Nxd5 12.exd5 h5 13.Be3 a5 14.Ng3 hxg4 15.hxg4 Rxh1+
16.Bxh1 Rc8 17.Qd3 Qc7 18.Rc1 Qc4 19.Qxc4 Rxc4 20.g5 Be7 21.b3 Rc8 22.Kd2 g6
23.Be4 Bd8 24.c4 bxc3+ 25.Rxc3 Rxc3 26.Kxc3 Bb6 27.Kc4 Ba6+ 28.Kc3 Bb7 29.Kc4 Ba6+
30.Kc3 Bb7 31.Bg2 Bxe3 32.fxe3 Nb6 33.e4 f6 34.gxf6 Kf7 35.Nf1 Kxf6 36.Ne3 Ba6
37.Bf1 Bxf1 38.Nxf1 Kg5 39.Kd3 Kf4 40.Ne3 Nd7 41.Ng2+ Kg3 42.Ne1 Kf2 43.Nc2 g5
44.a3 Nc5+  0-1

[Event "ch-BEL"]
[Site "Aalst BEL"]
[Date "2005.07.02"]
[Round "1"]
[White "Geirnaert,S"]
[Black "Van der Stricht,G"]
[Result "0-1"]
[WhiteElo "2343"]
[BlackElo "2400"]

1.e4 c5 2.Nf3 d6 3.d4 cxd4 4.Nxd4 Nf6 5.Nc3 a6 6.g3 e5 7.Nde2 Be7 8.Bg2 b5
9.O-O Nbd7 10.h3 O-O 11.g4 b4 12.Nd5 Nxd5 13.exd5 a5 14.Ng3 Bg5 15.Bxg5 Qxg5
16.Ne4 Qe7 17.a3 Ba6 18.Re1 g6 19.Qd2 f5 20.gxf5 gxf5 21.Qg5+ Qxg5 22.Nxg5 Rfc8
23.axb4 axb4 24.Ra4 b3 25.cxb3 Nc5 26.Rh4 Ra7 27.b4 Nb3 28.Rh6 Rd7 29.Ne6 Bc4
30.Re3 Nd4 31.Rg3+ Kh8 32.Nxd4 exd4 33.Rh4 d3 34.Rd4 Bb5 35.Bf1 Rc1 36.Kg2 Rg7
37.Rxg7 Kxg7 38.f3 Kf6 39.f4 Rc4 40.Rxc4 Bxc4 41.Kf2 d2 42.Be2 Bb3 43.b5 Ke7  0-1

[Event "ch-BEL"]
[Site "Aalst BEL"]
[Date "2005.07.04"]
[Round "3"]
[White "Dutreeuw,M"]
[Black "Van der Stricht,G"]
[Result "1/2-1/2"]
[WhiteElo "2361"]
[BlackElo "2400"]

1.e4 c5 2.Nf3 d6 3.d4 cxd4 4.Nxd4 Nf6 5.Nc3 a6 6.g3 e5 7.Nb3 Be7 8.Bg2 O-O
9.O-O Bg4 10.Bf3 Bh3 11.Bg2 Bg4 12.Bf3 Bh3 13.Re1 Nbd7 14.a4 Nb6 15.Nd2 Rc8
16.Be2 Qd7 17.Bf1 Bg4 18.f3 Be6 19.a5 Rxc3 20.bxc3 Na4 21.Nb1 Qc6 22.c4 Nd7
23.Bd3 Bd8 24.c3 Nac5 25.Bf1 b6 26.axb6 Nxb6 27.Na3 Nba4 28.Qc2 Bb6 29.Kh1 Rc8
30.Rb1 Ba5 31.Bd2 g6 32.Bg2 Kg7 33.Red1 f5 34.Re1 fxe4 35.fxe4 Bg4 36.h3 Be6
37.Rf1 Nd7 38.Rf3 Bb6 39.Qc1 Kg8 40.Bh6 Nac5 41.Re3 Na4 42.Rf3 Nac5 43.Re3 Na4
44.Rd3 Bxh3 45.Bxh3 Qxe4+ 46.Kh2 Qe2+ 47.Kh1 Qe4+ 48.Kh2 Qe2+ 49.Kh1 Qe4+  1/2-1/2

[Event "ch-SWE"]
[Site "Goeteborg SWE"]
[Date "2005.07.07"]
[Round "6"]
[White "Ong,Kez"]
[Black "Akesson,R"]
[Result "0-1"]
[WhiteElo "2371"]
[BlackElo "2466"]

1.e4 c5 2.Nf3 d6 3.d4 cxd4 4.Nxd4 Nf6 5.Nc3 a6 6.g3 e5 7.Nde2 Be7 8.Bg2 O-O
9.O-O Nbd7 10.a4 b6 11.h3 Bb7 12.g4 b5 13.Ng3 b4 14.Nd5 Nxd5 15.exd5 Bg5
16.Bxg5 Qxg5 17.a5 Rab8 18.Nf5 Qf6 19.Qd2 Nc5 20.b3 Bc8 21.Ne3 h5 22.f3 Bd7
23.Nc4 Qg6 24.gxh5 Qxh5 25.Nxd6 Bxh3 26.Bxh3 Qg6+ 27.Bg2 Qxd6 28.f4 e4 29.Qd4 f5
30.Rad1 Nd7 31.Bh3 Rbc8 32.Rd2 Rc3 33.Rg2 Qh6 34.Bxf5 Rxf5 35.Qxe4 Rf6 36.Rh2 Rg6+
37.Kh1 Rh3 38.Rf2 Qh5 39.Qe2 Qxd5+ 40.Rg2 Rxg2  0-1

[Event "inAUTOmarket Open"]
[Site "Minsk BLR"]
[Date "2005.07.13"]
[Round "4"]
[White "Yarmysty,M"]
[Black "Dydyshko,V"]
[Result "1/2-1/2"]
[WhiteElo "2347"]
[BlackElo "2551"]

1.e4 c5 2.Nf3 d6 3.d4 cxd4 4.Nxd4 Nf6 5.Nc3 a6 6.g3 e5 7.Nb3 Nbd7 8.Bg2 b6
9.O-O Bb7 10.Nd2 Rc8 11.Re1 Rc5 12.Nf1 Qa8 13.Ne3 Nxe4 14.Nxe4 Bxe4 15.Bxe4 Qxe4
16.c4 Be7 17.b3 Qg6 18.Nd5 Rc8 19.Ba3  1/2-1/2

[Event "ch-SWE"]
[Site "Goeteborg SWE"]
[Date "2005.07.14"]
[Round "12"]
[White "Olsson,An"]
[Black "Akesson,R"]
[Result "1/2-1/2"]
[WhiteElo "2416"]
[BlackElo "2466"]

1.e4 c5 2.Nf3 d6 3.d4 cxd4 4.Nxd4 Nf6 5.Nc3 a6 6.g3 e5 7.Nde2 b5 8.Bg2 Nbd7
9.h3 Bb7 10.g4 b4 11.Nd5 Nxd5 12.exd5 Be7 13.O-O  1/2-1/2

[Event "ACT Open"]
[Site "Amsterdam NED"]
[Date "2005.07.20"]
[Round "5"]
[White "Timofeev,Arty"]
[Black "Bosboom,M"]
[Result "1-0"]
[WhiteElo "2661"]
[BlackElo "2419"]

1.e4 c5 2.Nf3 d6 3.d4 cxd4 4.Nxd4 Nf6 5.Nc3 a6 6.g3 h5 7.h3 g6 8.Bg2 e5 9.Nb3 Be6
10.Be3 Nbd7 11.a4 Rc8 12.a5 Rxc3 13.bxc3 Qc7 14.O-O Qxc3 15.Bg5 Nh7 16.Bd2 Qc8
17.Bb4 Ndf6 18.Bxd6 Bxh3 19.Bxe5 Be7 20.Qd4 O-O 21.Qc3 Qe6 22.Bxh3 Qxh3 23.Bxf6 Bxf6
24.e5 Rc8 25.Qe3 Bg5 26.Qe4 h4 27.Qg2 Qg4 28.Rae1 Rc4 29.f3 Qxg3 30.Qxg3 hxg3
31.Kg2 Bf4 32.Re2 Ng5 33.Nc1 Ne6 34.Nd3 g5 35.Kh3 Nd4 36.Nxf4 gxf4 37.Re4 Kf8
38.c3 g2 39.Kxg2 Nc2 40.Rxc4 Ne3+ 41.Kh3 Nxc4 42.Rb1 Nxa5 43.Kg4  1-0

[Event "ACT Open"]
[Site "Amsterdam NED"]
[Date "2005.07.21"]
[Round "6"]
[White "Timofeev,Arty"]
[Black "Vazquez,R"]
[Result "1-0"]
[WhiteElo "2661"]
[BlackElo "2496"]

1.e4 c5 2.Nf3 d6 3.d4 cxd4 4.Nxd4 Nf6 5.Nc3 a6 6.g3 e6 7.Bg2 Be7 8.O-O Bd7
9.f4 Nc6 10.Nb3 b5 11.Be3 Rb8 12.h3 b4 13.Ne2 e5 14.c4 bxc3 15.Nxc3 Na5 16.Nxa5 Qxa5
17.Rf2 O-O 18.a3 Rfc8 19.b4 Qd8 20.Qd3 Bb5 21.Nxb5 axb5 22.Rc1 Rxc1+ 23.Bxc1 h5
24.fxe5 dxe5 25.Qxd8+ Bxd8 26.Rc2 Bb6+ 27.Kf1 Bd4 28.Ke2 Kf8 29.Kf3 Ne8 30.h4 Ke7
31.Bh3 Kd6 32.a4 bxa4 33.Ba3 Ke7 34.b5+ Kd8 35.Rc6 Bb6 36.Bf1 Bc7 37.Ra6 Rb6
38.Ra8+ Rb8 39.Ra6 Rb6 40.Rxa4 Bd6 41.Bc1 Bc5 42.Bg5+ f6 43.Bd2 Nc7 44.Ba5 Rd6
45.Bc4 Kc8 46.Ra2 Kb7 47.Rc2 Bb6 48.Bb4 Rd7 49.Rd2 Rxd2 50.Bxd2 Bc5 51.Ba5 Be7
52.b6 Na6 53.Bd5+ Kb8 54.g4 Bb4 55.Bxb4 Nxb4 56.Bc4 Kb7 57.gxh5 Kxb6 58.Kg4 Nc2
59.Kf5 Ne3+ 60.Kg6 Nxc4 61.Kxg7 f5 62.h6 fxe4 63.h7 e3 64.h8=Q e2 65.Qb8+ Kc5
66.Qa7+  1-0

[Event "Open A"]
[Site "Pardubice CZE"]
[Date "2005.07.22"]
[Round "1"]
[White "Stoma,P"]
[Black "Jaracz,P"]
[Result "0-1"]
[WhiteElo "2312"]
[BlackElo "2515"]

1.e4 c5 2.Nf3 d6 3.Nc3 a6 4.d4 cxd4 5.Nxd4 Nf6 6.g3 e6 7.Bg2 Bd7 8.O-O Nc6
9.Nde2 Be7 10.Bg5 Qc7 11.h3 b5 12.a3 O-O 13.Qd2 Rfd8 14.Rad1 Bc8 15.g4 Rb8
16.Ng3 a5 17.Nce2 b4 18.axb4 axb4 19.Nd4 Nxd4 20.Qxd4 h6 21.Be3 Ba6 22.Rfe1 Qxc2
23.Ra1 Bb5 24.Ra7 Bd7 25.Rc1 Qb3 26.g5 hxg5 27.Bxg5 Rb5 28.h4 Rc5 29.Ne2 Rxc1+
30.Nxc1 Qc2 31.Qxb4 Ng4 32.Qe1 Bxg5 33.hxg5 Qxb2 34.Nd3 Qd4 35.Qa5 Rb8 36.g6 Qxd3
37.Bf1 Qd4 38.Qa2 Qe5 39.f3 Qg3+  0-1

[Event "ACT Open"]
[Site "Amsterdam NED"]
[Date "2005.07.24"]
[Round "9"]
[White "Timofeev,Arty"]
[Black "Smeets,J"]
[Result "1-0"]
[WhiteElo "2661"]
[BlackElo "2537"]

1.e4 c5 2.Nf3 d6 3.d4 cxd4 4.Nxd4 Nf6 5.Nc3 a6 6.g3 e5 7.Nb3 Be7 8.Bg2 b5
9.a4 b4 10.Nd5 Nxd5 11.Qxd5 Ra7 12.Be3 Be6 13.Qd3 Rd7 14.O-O d5 15.exd5 Bxd5
16.Bxd5 Rxd5 17.Qe2 Qd7 18.Rfd1 O-O 19.Bc5 Bxc5 20.Nxc5 Rxd1+ 21.Rxd1 Qc7
22.Rd5 Re8 23.Nxa6 Nxa6 24.Qxa6 Qxc2 25.Rxe5 Rd8 26.Qd6 Rc8 27.Qxb4 h5 28.h4 f6
29.Re4 Kh7 30.a5 f5 31.Re7 Rc6 32.Qd4 Rg6 33.Re5 Rg4 34.Qc5 Rc4 35.Qf8 Rf4
36.gxf4  1-0

[Event "WYb18"]
[Site "Belfort FRA"]
[Date "2005.07.26"]
[Round "8"]
[White "Astaneh Lopez,A"]
[Black "Valeanu,E"]
[Result "0-1"]
[WhiteElo "2304"]
[BlackElo "2398"]

1.e4 c5 2.Nf3 d6 3.d4 Nf6 4.Nc3 cxd4 5.Nxd4 a6 6.g3 e5 7.Nde2 b5 8.Bg2 Bb7
9.O-O Nbd7 10.a4 b4 11.Nd5 Nxd5 12.exd5 Be7 13.a5 Rc8 14.Be3 Qc7 15.Ra4 Ba8
16.Rxb4 Qxa5 17.Rb3 O-O 18.Nc3 Rb8 19.Ra3 Qb4 20.Rxa6 Qxb2 21.Ne4 Qb5 22.Qa1 Bb7
23.Rxd6 Bxd6 24.Nxd6 Qb4 25.Nf5 Rfd8 26.c3 Qf8 27.c4 Ra8 28.Qb2 Ba6 29.Rc1 Rdc8
30.Qe2 g6 31.Nh6+ Kg7 32.Ng4 Kh8 33.f4 Qb4 34.Bf1 exf4 35.Bd4+ Kg8 36.gxf4 Qf8
37.f5 Re8 38.Qf2 Re4 39.Bh3 h5 40.fxg6 fxg6 41.Nf6+ Nxf6 42.Bxf6 Rxc4 43.Rd1 Ra7
44.Qb6  0-1

[Event "Open Dutch Championship"]
[Site "Dieren NED"]
[Date "2005.07.26"]
[Round "1"]
[White "Van Geffen,B"]
[Black "Purnama,T"]
[Result "0-1"]
[WhiteElo "2146"]
[BlackElo "2337"]

1.e4 c5 2.Nf3 d6 3.d4 cxd4 4.Nxd4 Nf6 5.Nc3 a6 6.g3 e5 7.Nde2 Be6 8.Bg2 Nbd7
9.h3 Rc8 10.a4 Be7 11.g4 h5 12.g5 Nh7 13.h4 g6 14.Nd5 f6 15.f4 exf4 16.Ndxf4 Bf7
17.Nd4 fxg5 18.Nde6 Bxe6 19.Nxe6 Qa5+ 20.Bd2 Qe5 21.Nxg5 Nxg5 22.Bxg5 Qg3+
23.Kf1 Rf8+ 24.Kg1 Rf2  0-1

[Event "Open A"]
[Site "Pardubice CZE"]
[Date "2005.07.27"]
[Round "6"]
[White "Tuma,J"]
[Black "Priborsky,J"]
[Result "1/2-1/2"]
[WhiteElo "2235"]
[BlackElo "2320"]

1.e4 c5 2.Nf3 d6 3.d4 cxd4 4.Nxd4 Nf6 5.Nc3 a6 6.g3 e5 7.Nde2 Nbd7 8.Bg2 b5
9.h3 Bb7 10.g4 Nc5 11.Ng3 g6 12.O-O h5 13.g5 b4 14.Nd5 Nxd5 15.exd5 h4 16.Ne2 Be7
17.f4 O-O 18.Qe1 exf4 19.Bxf4 Bxg5 20.Qxb4 f5 21.Rae1 a5 22.Qd2 Bxf4 23.Qxf4 Ba6
24.Kh1 Re8 25.Rf2 Ra7 26.Bf3 Ne4 27.Bxe4 Rxe4 28.Qh6 Qf8 29.Qxg6+ Rg7 30.Qh5 Qe7
31.c4 Bxc4 32.Qxf5 Rxe2 33.Qc8+ Kh7 34.Rfxe2 Qf7 35.Rg2 Bxd5 36.Qc2+ Kh8
37.Qc8+ Kh7 38.Qc2+ Kh8 39.Qc8+ Kh7 40.Qc2+ Kh8  1/2-1/2

[Event "WYb18"]
[Site "Belfort FRA"]
[Date "2005.07.28"]
[Round "10"]
[White "Astaneh Lopez,A"]
[Black "Brkic,A"]
[Result "1/2-1/2"]
[WhiteElo "2304"]
[BlackElo "2477"]

1.e4 c5 2.Nf3 d6 3.d4 cxd4 4.Nxd4 Nf6 5.Nc3 a6 6.g3 e5 7.Nde2 b5 8.Bg2 Bb7
9.O-O Nbd7 10.a4 b4 11.Nd5 Nxd5 12.exd5 a5 13.c4 bxc3 14.Nxc3 Be7 15.Be3 O-O
16.Qd2 Ba6  1/2-1/2

[Event "15th ETC"]
[Site "Gothenburg SWE"]
[Date "2005.07.30"]
[Round "1"]
[White "Olsson,An"]
[Black "Babula,V"]
[Result "0-1"]
[WhiteElo "2416"]
[BlackElo "2604"]

1.e4 c5 2.Nf3 d6 3.d4 cxd4 4.Nxd4 Nf6 5.Nc3 a6 6.g3 e5 7.Nde2 Be7 8.a4 b6
9.Bg2 Bb7 10.h3 Nbd7 11.g4 Nc5 12.Ng3 g6 13.Be3 Rc8 14.Qd2 Ne6 15.g5 Nd7
16.h4 O-O 17.Bh3 Rc4 18.b3 Nd4 19.O-O-O Rc5 20.Bxd4 exd4 21.Qxd4 Qc7 22.Nge2 Rc8
23.f4 Bf8 24.Rh2 Bg7 25.Qxd6 Rxc3 26.Nxc3 Qxc3 27.e5 Nc5 28.Kb1 Nxb3 29.Ka2 Bf8
30.Qd3 Nc1+ 31.Rxc1 Qxd3 32.cxd3 Rxc1 33.h5 Rc3 34.f5 Bc5 35.d4 Bd5+ 36.Kb1 Ba3
37.Rc2 Be4  0-1

[Event "15th ETC Women"]
[Site "Gothenburg SWE"]
[Date "2005.08.01"]
[Round "3"]
[White "Trabert,B"]
[Black "Dworakowska,J"]
[Result "0-1"]
[WhiteElo "2291"]
[BlackElo "2401"]

1.e4 c5 2.Nf3 d6 3.d4 cxd4 4.Nxd4 Nf6 5.Nc3 a6 6.g3 e5 7.Nb3 Nbd7 8.Bg2 b5
9.O-O Be7 10.Bd2 O-O 11.a4 b4 12.Nd5 Nxd5 13.exd5 a5 14.c3 bxc3 15.Bxc3 Qb6
16.Ra3 f5 17.Qd2 Bd8 18.Re1 Nf6 19.h3 Ne4 20.Bxe4 fxe4 21.Rxe4 Bxh3 22.Qe2 Qb7
23.Qh5 Qf7 24.Qe2 Bf5 25.Rc4 Qxd5 26.Nc1 Rf6 27.Bd2 Bb6 28.Be3 Bh3 29.f4 Bg4
30.Qf1 Rh6 31.Qg2 Bf3  0-1

[Event "4th Open"]
[Site "Davos SUI"]
[Date "2005.08.03"]
[Round "5"]
[White "Reust,E"]
[Black "Frei,E"]
[Result "1-0"]
[WhiteElo "1867"]
[BlackElo "2043"]

1.e4 c5 2.Nf3 d6 3.d4 cxd4 4.Nxd4 Nf6 5.Nc3 a6 6.g3 g6 7.Bg2 Bg7 8.O-O O-O
9.a4 Nbd7 10.f4 Qc7 11.Kh1 Nc5 12.h3 Nh5 13.Kh2 e5 14.Nd5 Qd8 15.Ne2 exf4
16.Ndxf4 Nxf4 17.Nxf4 Re8 18.Re1 Rb8 19.Ra3 Qd7 20.c3 g5 21.Nh5 Ne6 22.Qg4 Qe7
23.Nxg7 Kxg7 24.Qf3 b5 25.axb5 Rxb5 26.c4 Rc5 27.Qd3 Kg8 28.b4 Rc7 29.Bb2 Ng7
30.Ra5 h6 31.Qc3 f6 32.Rf1 Rf8 33.c5 Ne8 34.Qd4 dxc5 35.Rxc5 Rxc5 36.bxc5 Qd7
37.Qd5+ Kg7 38.c6 Qe7 39.e5 Be6 40.exf6+ Nxf6 41.Qe5 Kg6 42.Re1 Qb4 43.Bc3 Qb3
44.Rf1 Ng4+ 45.hxg4  1-0

[Event "Valoz Cup GMA"]
[Site "Olomouc CZE"]
[Date "2005.08.04"]
[Round "2"]
[White "Kholmov,R"]
[Black "Simacek,P"]
[Result "1/2-1/2"]
[WhiteElo "2430"]
[BlackElo "2453"]

1.e4 c5 2.Nf3 d6 3.d4 cxd4 4.Nxd4 Nf6 5.Nc3 a6 6.g3 g6 7.Bg2 Bg7 8.O-O O-O
9.h3 Nc6 10.Be3 Bd7 11.Nd5 Nxd5 12.exd5 Nxd4  1/2-1/2

[Event "FSIMB August"]
[Site "Budapest HUN"]
[Date "2005.08.12"]
[Round "7"]
[White "Stupavski,Z"]
[Black "David,Vi"]
[Result "1-0"]
[WhiteElo "2337"]
[BlackElo "2277"]

1.e4 c5 2.Nf3 a6 3.Nc3 d6 4.d4 cxd4 5.Nxd4 Nf6 6.g3 d5 7.exd5 Nxd5 8.Nde2 Nxc3
9.Qxd8+ Kxd8 10.Nxc3 Bd7 11.Bg2 Bc6 12.Bxc6 bxc6 13.Be3 Nd7 14.O-O-O Rb8
15.Ne4 Ke8 16.Rhe1 e6 17.Bf4 Rc8 18.Nd6+ Bxd6 19.Bxd6 c5 20.Re3 h5 21.f4 g6
22.h4 Rc6 23.c4 Rg8 24.Rb3 f6 25.Rb7 Rg7 26.Kc2 Kd8 27.Ra7 Ke8 28.a3 g5 29.hxg5 fxg5
30.fxg5 Rxg5 31.Rxd7  1-0

[Event "FSGM August"]
[Site "Budapest HUN"]
[Date "2005.08.16"]
[Round "11"]
[White "Bellin,R"]
[Black "Berczes,D"]
[Result "1/2-1/2"]
[WhiteElo "2399"]
[BlackElo "2495"]

1.e4 c5 2.Nf3 d6 3.d4 cxd4 4.Nxd4 Nf6 5.Nc3 a6 6.g3 e5 7.Nb3 Nbd7 8.a4 b6
9.Bg2 Bb7 10.O-O Be7  1/2-1/2

[Event "14th Open"]
[Site "Kavala GRE"]
[Date "2005.08.16"]
[Round "6"]
[White "Palekha,A"]
[Black "Banikas,H"]
[Result "0-1"]
[WhiteElo "2345"]
[BlackElo "2548"]

1.e4 c5 2.Nf3 d6 3.d4 cxd4 4.Nxd4 Nf6 5.Nc3 a6 6.g3 e5 7.Nb3 Be7 8.Bg2 Nbd7
9.O-O b5 10.Bd2 Nb6 11.a4 Bg4 12.Qe1 bxa4 13.Na5 Rc8 14.Qe3 O-O 15.Rfc1 a3
16.b3 Be6 17.Qd3 d5 18.exd5 Nbxd5 19.Nxd5 Nxd5 20.Nc4 Nb4 21.Qxd8 Rfxd8 22.Bxb4 Bxb4
23.Nxa3 Bxa3 24.Rxa3 Rxc2 25.Re1 g6 26.Rxa6 Rdd2 27.Rc6 Rb2 28.Rf1 Bf5 29.Ra1 Rxf2
30.Bd5 e4 31.Rc7 Rg2+ 32.Kf1 Rxh2 33.Kg1 Rbg2+ 34.Kf1 Rd2 35.Bxf7+ Kg7 36.Bg8+ Kf6
37.Rxh7 Bh3+ 38.Ke1 Rhe2+  0-1

[Event "41st Rubinstein Mem Open A"]
[Site "Polanica Zdroj POL"]
[Date "2005.08.21"]
[Round "3"]
[White "Kubit,T"]
[Black "Litwin,J"]
[Result "1/2-1/2"]
[WhiteElo "2130"]
[BlackElo "2221"]

1.e4 c5 2.Nf3 d6 3.d4 cxd4 4.Nxd4 Nf6 5.Nc3 a6 6.g3 Bg4 7.f3 Bd7 8.Be3 Nc6
9.Bg2 e6 10.O-O Be7 11.Qe2 O-O 12.Rad1 Qc7 13.f4 b5 14.a3 Rac8 15.Kh1 Nxd4
16.Bxd4 Bc6 17.g4 e5 18.Be3 exf4 19.Bxf4 Nd7 20.Nd5 Bxd5 21.exd5 Bf6 22.c3 Rce8
23.Qd2 Be5 24.Be3 Qc4 25.h3 Re7 26.Qd3 Qxd3 27.Rxd3 Rfe8 28.Bf2 Bf4 29.Bh4 g5
30.Rxf4 gxf4 31.Bxe7 Rxe7 32.Rf3 Re2 33.Rxf4 Rxb2 34.a4 bxa4 35.Rxa4 Nc5
36.Ra3 Rb3 37.Ra5 Rxc3 38.Bf1 Kg7 39.Kg2 Rc2+ 40.Kf3 Rd2 41.Bxa6 Nxa6 42.Rxa6 Rxd5
43.Ra8 Rd3+ 44.Kg2 d5 45.Rd8 d4 46.Rd6 f6 47.h4 Kf7 48.Rd7+ Kg6 49.Rd8 h5
50.g5 fxg5 51.Rg8+ Kf5 52.Rxg5+ Kf4 53.Kf2 Rd2+ 54.Ke1 Rh2 55.Rxh5 Ke3 56.Re5+ Kd3
57.Rd5 Rxh4 58.Rd8  1/2-1/2

[Event "V Open"]
[Site "Vila de Marin ESP"]
[Date "2005.08.29"]
[Round "9"]
[White "Astaneh Lopez,A"]
[Black "Petkov,V"]
[Result "0-1"]
[WhiteElo "2304"]
[BlackElo "2475"]

1.e4 c5 2.Nf3 d6 3.d4 cxd4 4.Nxd4 Nf6 5.Nc3 a6 6.g3 e5 7.Nde2 Be7 8.Bg2 Nbd7
9.O-O b5 10.a4 b4 11.Nd5 a5 12.c4 h5 13.h3 Nxd5 14.exd5 Bg5 15.f4 Qb6+ 16.Kh1 Bf6
17.fxe5 Nxe5 18.Nf4 Nxc4 19.Nxh5 Ne5 20.Nxf6+ gxf6 21.Rxf6 Bxh3 22.Bxh3 Rxh3+
23.Kg2 Rh7 24.Bg5 Kd7 25.Qe2 Rc8 26.Rh1 Rxh1 27.Kxh1 Rh8+ 28.Kg2 Qc5 29.Qe4 b3
30.Rf1 Qc2+ 31.Qxc2 bxc2 32.Bc1 Rc8 33.Kf2 Rc5 34.Ke2 Rxd5 35.b3 Ke6 36.Bd2 Nd3
37.Ra1 Nc5 38.Ra3 Ne4  0-1